<?xml version="1.0" encoding="UTF-8"?>
<record
    xmlns:xsi="http://www.w3.org/2001/XMLSchema-instance"
    xsi:schemaLocation="http://www.loc.gov/MARC21/slim http://www.loc.gov/standards/marcxml/schema/MARC21slim.xsd"
    xmlns="http://www.loc.gov/MARC21/slim">

  <leader>01090na  a2200313   4500</leader>
  <controlfield tag="001">23971</controlfield>
  <controlfield tag="003">MIRAKIL</controlfield>
  <controlfield tag="005">20181213155325.0</controlfield>
  <controlfield tag="008">180201b        tu            000 0      </controlfield>
  <datafield tag="020" ind1=" " ind2=" ">
    <subfield code="a">9789751949493</subfield>
  </datafield>
  <datafield tag="040" ind1=" " ind2=" ">
    <subfield code="a">Milas</subfield>
    <subfield code="b">tur</subfield>
    <subfield code="c">TR-AnCHP</subfield>
  </datafield>
  <datafield tag="041" ind1=" " ind2=" ">
    <subfield code="a">tur</subfield>
  </datafield>
  <datafield tag="082" ind1=" " ind2=" ">
    <subfield code="a">338.9561</subfield>
    <subfield code="b">&#x130;45 2010</subfield>
  </datafield>
  <datafield tag="090" ind1=" " ind2=" ">
    <subfield code="a">338.9561 &#x130;45 2010</subfield>
  </datafield>
  <datafield tag="245" ind1=" " ind2=" ">
    <subfield code="a">2009 T&#xFC;rkiye kalk&#x131;nma yard&#x131;mlar&#x131; raporu</subfield>
    <subfield code="c">T&#x130;KA; raporu haz&#x131;rlayanlar F&#xFC;sun G&#xFC;r, Murat Oral, ...[ ve &#xF6;te]</subfield>
  </datafield>
  <datafield tag="260" ind1=" " ind2=" ">
    <subfield code="a">Ankara</subfield>
    <subfield code="b">T&#xFC;rk &#x130;&#x15F;birli&#x11F;i ve Kalk&#x131;nma &#x130;daresi Ba&#x15F;kanl&#x131;&#x11F;&#x131; T&#x130;KA)</subfield>
    <subfield code="c">2010</subfield>
    <subfield code="f">S&#xF6;zkesen matbaac&#x131;l&#x131;k</subfield>
  </datafield>
  <datafield tag="300" ind1=" " ind2=" ">
    <subfield code="a">82 s.</subfield>
    <subfield code="b">tbl. , fot&#x11F;.</subfield>
    <subfield code="c">28 sm.</subfield>
  </datafield>
  <datafield tag="610" ind1=" " ind2=" ">
    <subfield code="a">T&#xFC;rk &#x130;&#x15F;birli&#x11F;i ve Kalk&#x131;nma &#x130;daresi Ba&#x15F;kanl&#x131;&#x11F;&#x131; T&#x130;KA)</subfield>
    <subfield code="x">Raporlar</subfield>
  </datafield>
  <datafield tag="650" ind1=" " ind2=" ">
    <subfield code="a">Kalk&#x131;nma yard&#x131;mlar&#x131;</subfield>
    <subfield code="x">Raporlar, 2009</subfield>
  </datafield>
  <datafield tag="700" ind1=" " ind2=" ">
    <subfield code="a">Kaygusuz, Murat</subfield>
  </datafield>
  <datafield tag="700" ind1=" " ind2=" ">
    <subfield code="a">B&#x131;&#xE7;akl&#x131;, &#x130;smail</subfield>
  </datafield>
  <datafield tag="700" ind1=" " ind2=" ">
    <subfield code="a">Kaplan, Canan</subfield>
  </datafield>
  <datafield tag="700" ind1=" " ind2=" ">
    <subfield code="a">Erdek, Leyla</subfield>
  </datafield>
  <datafield tag="700" ind1=" " ind2=" ">
    <subfield code="a">&#xD6;zdemir, &#x15E;afak</subfield>
  </datafield>
  <datafield tag="700" ind1=" " ind2=" ">
    <subfield code="a">Oral, Murat</subfield>
  </datafield>
  <datafield tag="700" ind1=" " ind2=" ">
    <subfield code="a">G&#xFC;r, F&#xFC;sun</subfield>
  </datafield>
  <datafield tag="710" ind1=" " ind2=" ">
    <subfield code="a">T&#xFC;rk &#x130;&#x15F;birli&#x11F;i ve Kalk&#x131;nma &#x130;daresi Ba&#x15F;kanl&#x131;&#x11F;&#x131; T&#x130;KA)</subfield>
  </datafield>
  <datafield tag="942" ind1=" " ind2=" ">
    <subfield code="2">ddc</subfield>
    <subfield code="c">BKS</subfield>
  </datafield>
  <datafield tag="952" ind1=" " ind2=" ">
    <subfield code="a">0001</subfield>
    <subfield code="b">0001</subfield>
    <subfield code="d">2018-02-01</subfield>
    <subfield code="e">2</subfield>
    <subfield code="l">0</subfield>
    <subfield code="o">338.9561 &#x130;45 2010</subfield>
    <subfield code="p">017965</subfield>
    <subfield code="r">2018-02-01 00:00:00</subfield>
    <subfield code="v">0.00</subfield>
    <subfield code="w">2018-02-01</subfield>
    <subfield code="y">BKS</subfield>
  </datafield>
  <datafield tag="999" ind1=" " ind2=" ">
    <subfield code="c">10536</subfield>
    <subfield code="d">10536</subfield>
  </datafield>
</record>
